Lettres par nombres aléatoires - Statistiques

Statistiques générales
  • Ce quiz a été pris 678 fois
  • Le résultat moyen est 5 sur 18
Statistiques - réponses
Nombre / Lettre Nombre / Lettre % Correct
B 2
47%
1 A
46%
A 1
44%
C 3
42%
2 B
42%
3 C
40%
6 F
39%
4 D
38%
5 E
38%
D 4
37%
F 6
34%
25 Y
32%
Z 26
31%
7 G
31%
Y 25
30%
E 5
30%
8 H
30%
9 I
29%
X 24
27%
I 9
25%
26 Z
25%
L 12
23%
21 U
23%
24 X
22%
N 14
21%
O 15
21%
G 7
21%
H 8
21%
23 W
21%
J 10
20%
K 11
20%
17 Q
20%
M 13
19%
13 M
19%
14 N
19%
16 P
19%
S 19
18%
10 J
18%
22 V
18%
W 23
17%
12 L
17%
Q 17
16%
11 K
16%
15 O
16%
19 S
16%
20 T
16%
V 22
15%
T 20
14%
U 21
14%
18 R
14%
P 16
12%
R 18
11%
Aucun quiz correspondant
Distribution des résultats
% des personnes avec chaque résultat
Percentile par nombre de réponses
Votre historique - résultats
Vous n’avez pas pris ce quiz